Central Library OPAC University of Rajshahi

Insights and illusions of philosophy / (Record no. 30409)

MARC details
000 -LEADER
fixed length control field 01094nam a2200313 4500
001 - CONTROL NUMBER
control field 30409
003 - CONTROL NUMBER IDENTIFIER
rucl marc code BD-RjUL
005 - DATE AND TIME OF LATEST TRANSACTION
control field 20211209051547.0
008 - FIXED-LENGTH DATA ELEMENTS--GENERAL INFORMATION
fixed length control field 140409t1972 enk b 001 0 eng d
020 ## - INTERNATIONAL STANDARD BOOK NUMBER
International Standard Book Number 0710072201
035 ## - SYSTEM CONTROL NUMBER
System control number CURL 980072186653(Lc ) from rajwc159
System control number (BD-RjUL)30494
040 ## - CATALOGING SOURCE
Original cataloging agency DLC
Language of cataloging eng
Transcribing agency DLC
Modifying agency BD-RjUL
041 1# - LANGUAGE CODE
Language code of text/sound track or separate title eng
Language code of original fre
082 04 - DEWEY DECIMAL CLASSIFICATION NUMBER
Classification number 153
Author mark and year PII 1972
100 1# - MAIN ENTRY--PERSONAL NAME
Personal name Piaget, Jean,
Dates associated with a name 1896-1980.
9 (RLIN) 3700
245 10 - TITLE STATEMENT
Title Insights and illusions of philosophy /
Statement of responsibility, etc. Jean Piaget ; translated from the French by Wolfe Mays
260 ## - PUBLICATION, DISTRIBUTION, ETC. (IMPRINT)
Place of publication, distribution, etc. London :
Name of publisher, distributor, etc. Routledge & Kegan Paul,
Date of publication, distribution, etc. 1972.
300 ## - PHYSICAL DESCRIPTION
Pagination xvii, 233 p. ;
Size 23 cm
500 ## - GENERAL NOTE
General note Originally published: New York : World Publishing Company, c1971
General note Translation of: Sagesse et illusions de la philosophie
504 ## - BIBLIOGRAPHY, ETC. NOTE
Bibliography, etc Includes bibliographical reference and index
600 10 - SUBJECT ADDED ENTRY--PERSONAL NAME
Personal name Piaget, Jean,
Dates associated with a name 1896-1980
650 #0 - SUBJECT ADDED ENTRY--TOPICAL TERM
Topical term or geographic name as entry element Philosophy, European
Chronological subdivision 20th century
9 (RLIN) 92408
942 ## - ADDED ENTRY ELEMENTS (KOHA)
Source of classification or shelving scheme Dewey Decimal Classification
Koha item type Books
Holdings
Lost status Source of classification or shelving scheme Damaged status Not for loan Collection code Permanent Location Current Location Shelving location Date acquired Source of acquisition Cost, normal purchase price Total Checkouts Full call number Date last seen Copy number Koha item type
  Dewey Decimal Classification   Not For Loan Non-fiction Central Library, University of Rajshahi Central Library, University of Rajshahi Reading Room 29/11/1975 Jonathan ware and com. 2.50   153 PII 1972 09/04/2014 C-2 Books
  Dewey Decimal Classification     Non-fiction Central Library, University of Rajshahi Central Library, University of Rajshahi   29/11/1975 Jonathan ware and com. 2.50   153 PII 1972 10/04/2014 C-1 Books
  Dewey Decimal Classification     Non-fiction Central Library, University of Rajshahi Central Library, University of Rajshahi   29/11/1975 Jonathan ware and com. 2.50   153 PII 1972 10/04/2014 C-3 Books
  Dewey Decimal Classification     Non-fiction Central Library, University of Rajshahi Central Library, University of Rajshahi   11/07/1977 Heffer 2.50   153 PII 1972 10/04/2014 C-4 Books